| 000 | 01003nam a2200265Ia 4500 | ||
|---|---|---|---|
| 003 | OSt | ||
| 005 | 20220923211536.0 | ||
| 006 | a|||||r|||| 00| 0 | ||
| 007 | ta | ||
| 008 | 220922b |||||||| |||| 00| 0 hin d | ||
| 020 |
_a9789382821342 (hbk) _c195 |
||
| 024 | _a284,924 | ||
| 037 |
_b1136, 26/02/2015, Nayee Kitab _cTextual |
||
| 040 |
_aARTS _cARTS _bhin |
||
| 041 |
_2hin _ahin |
||
| 082 | _aO111944(Y15-5927):g, 152Q3 | ||
| 100 | _aरामनरेश राम | ||
| 245 | 0 | _aदलित स्त्रीवाद की आत्मकथात्मक अभिव्यक्ति | |
| 246 | _aDalit strīvād kī ātmakathātmak abhivyakti | ||
| 260 |
_aदिल्ली _b नयी किताब _c2013 |
||
| 300 |
_a112पृ. _ccm. |
||
| 650 |
_aहिन्दी साहित्य _9156264 |
||
| 942 |
_hO111944(Y15-5927):g, 152Q3 _cTEXL _2CC |
||
| 999 |
_c300615 _d300615 |
||